000 00756nam a2200253Ia 4500
003 OSt
005 20220926030108.0
006 a|||||r|||| 00| 0
007 ta
008 220923b |||||||| |||| 00| 0 eng d
037 _cGeneral Book
040 _aRTL
_cRTL
_beng
041 _2eng
_aeng
082 _aQ4, K9
100 _aJoshi L M
_947496
245 0 _aBuddhism
260 _aPatiala
_bPunjabi University India
_c1969
300 _axi,131p.
_ccm.
490 _aGuru Quincentenary celebration series. Punjabi University Guru Gobind singh Departmwnt of religious studies publicaiton
500 _aBib at the end of each chapter
650 _aBuddhism
942 _hQ4, K9
_cGB
_2CC
999 _c648674
_d648674